| 000 | 01139nam a22003137a 4500 | ||
|---|---|---|---|
| 001 | 10144 | ||
| 003 | FISKH | ||
| 005 | 20260424133419.0 | ||
| 008 | 260424b cb ||||| |||| 00| 0 eng d | ||
| 020 | _a9780462004914 | ||
| 040 |
_aFISKH _beng _cFISKH _dFISKH |
||
| 050 | _aPZ7 | ||
| 082 | _a823.92 | ||
| 100 |
_aWard, Nicole _eAuthor |
||
| 245 |
_aThe Blizzard / _cWritten by Nicole Ward ; illustrated by Richard Hoit |
||
| 250 | _aFirst published 2008 | ||
| 260 |
_aLondon : _bMarshall Cavendish , _c2008 |
||
| 300 |
_a16 pages : _bcolor illustrations ; _c19 cm |
||
| 490 |
_aMy Pals Are Here ! Reading Stars _v8c |
||
| 505 | _aG | ||
| 520 | _aA blizzard arrives, bringing heavy snow and strong winds. The characters experience the storm and see how it affects their surroundings. Despite the challenges, they stay safe and observe the weather, learning about what happens during a blizzard. | ||
| 521 | 8 |
_a400
_bLexile estimate |
|
| 521 | 8 |
_aG
_bRaz-Plus |
|
| 650 |
_aBlizzard _vSnowstorm |
||
| 650 |
_aWeather _vWinter |
||
| 700 |
_aHoit, Richard _eIllustrator |
||
| 942 |
_2ddc _cBK _n0 |
||
| 999 |
_c10144 _d10144 |
||